| 000 | 00386nam a2200109Ia 4500 | ||
|---|---|---|---|
| 008 | 171204s9999 xx 000 0 und d | ||
| 245 | _aSegmentation in Social Marketing: Process, Methods and Application | ||
| 245 | _cKrzysztof Kubacki, Sharyn Rundle-Thiele, and Timo Dietrich | ||
| 260 | _c2016 | ||
| 650 | _xMARKETING MANAGEMENT | ||
| 856 | _uhttp://down.ebook777.com/055/9811018332.pdf | ||
| 999 |
_c347055 _d347055 |
||